| 000 | 00997nam a22002417a 4500 | ||
|---|---|---|---|
| 005 | 20240530110625.0 | ||
| 008 | 170102s2014 ua g b 000 0 ara d | ||
| 017 |
_a2014/15759 _bمصر. دار الكتب |
||
| 020 | _a9789773832996 | ||
| 040 |
_aEG-CaGPL _cEG-CaGPL |
||
| 082 | 0 | 4 |
_221 _a212\ _bخ م |
| 100 | 0 | _aخالد محمد يوسف التويم | |
| 245 | 1 | 0 |
_aمبادئ التربية الجنسية المستنبطة من القرآن و السنة / _cاعداد خالد محمد يوسف التويم |
| 250 | _aط. 1 | ||
| 260 |
_aالقاهرة : _bايتراك للطباعة و النشر و التوزيع ، _c2014. |
||
| 300 |
_a456 ص. ؛ _c24 سم. |
||
| 504 | _aيشتمل على ارجاعات ببليوجرافية | ||
| 650 | 0 | 7 |
_2qrmak _aالاداب الاسلامية |
| 650 | 0 | 7 |
_2qrmak _aالاسلام و الاصلاح الدينى |
| 650 | 0 | 7 |
_2qrmak _aالتربية الجنسية |
| 942 |
_2ddc _cBK |
||
| 999 |
_c63129 _d63129 |
||